Professional liability and indemnity : a CPD study pack

Bibliographic Details
Main Author: Murrells, Paul
Format: Book
Published: London : The College of Estate Management , 1991
Subjects:

MARC

LEADER 00000cam a2200000 7i4500
001 0000003705
005 20050613.0
020 |a 094776352X 
040 |a INS 
090 0 0 |a TA534.   |b M87 1991 
100 1 |a Murrells, Paul 
245 1 0 |a Professional liability and indemnity :   |b a CPD study pack   |c Paul Murrells 
260 |a London :   |b The College of Estate Management ,   |c 1991 
300 |a v, 33p. ;   |c 29.5 cm. 
650 0 0 |a Indemnity 
650 0 0 |a Liability,professional 
999 |a 0000005142   |b BOOK   |c Open Shelf   |e Default branch